000 01165cam a2200301 a 4500
001 4903375
003 NUST - PNEC
005 20170116181138.0
008 931217s1993 pk b b 001 0 eng
010 _a 93930412
020 _a9698118039 :
040 _aDLC
_cLIBRARY
_dDLC
042 _alcode
043 _aa-ii---
050 0 0 _aDS485.H9
_bQ88 1993
082 _a954.9 AZI
100 0 _aQutubuddin Aziz.
245 1 4 _aThe murder of a state :
_ba graphic account of India's military invasion of the Muslim-ruled State of Hyderabad in September, 1948 ... /
_cby Qutubuddin Aziz.
260 _aKarachi, Pakistan :
_bIslamic Media Corp.,
_c1993.
300 _aiv, 236 p. :
_bmap ;
_c22 cm.
504 _aIncludes bibliographical references (p. 227-228) and index.
650 0 _aPolitical atrocities
_zIndia
_zHyderabad (State)
_xGeneral
650 0 _aMuslims
_xPolitical activity
_zIndia
_zHyderabad (State)
651 0 _aHyderabad (India : State)
_xPolitics and government.
906 _a7
_bcbc
_corigode
_d3
_encip
_f19
_gy-gencatlg
942 _2ddc
_cBK
999 _c70362
_d70362